[Event "HCL-C4103"]
[Site "www.playchess.de"]
[Date "2006.01.27"]
[Round "2"]
[White "Skipper_Robert"]
[Black "nichju"]
[WhiteElo "1017"]
[BlackElo "1019"]
[PlyCount "36"]
[Result "0-1"]

1.e4 {Hallo!}  e5 {Hallo, ich hatte die letzte 
Partie schon fast aufgegeben}  2.Nf3 {na dann ein 
neuer Versuch}  Nc6 3.d3 Nge7 4.Be3 f5 5.g3 fxe4 
6.dxe4 d5 7.exd5 Nxd5 8.Bd3 Bg4 9.a3 Qe7 10.Be4 
Nf6 11.Bxc6+ bxc6 12.h3 Bf5 13.Qd2 Be4 14.Qe2 Rb8 
15.b4 Qe6 16.Qa6 Bxf3 17.Bxa7 Rd8 18.Rh2 
Rd1+ 0-1

[Event "HCL-E1472"]
[Site "www.playchess.de"]
[Date "2006.01.27"]
[Round "5"]
[White "baggur"]
[Black "Rich2003"]
[WhiteElo "1658"]
[BlackElo "1956"]
[PlyCount "96"]
[Result "0-1"]

1.e4 {hello from Reykjavik Iceland}  c5 {Hello 
from Costa Rica. Did you visit the place where 
Fischer played Spassky ?}  2.Nf3 {Many times, it 
was in a sport hall here in Reykijavik. I actually 
saw Fishcer yesterday, we were traveling in the 
same bus. He looked very well.}  Nc6 {Great 
chance, did you take a picture of him ?}  3.d4 
{No, I did not want to upset him}  cxd4 4.Nxd4 Nf6 
5.Nc3 e6 6.Bg5 Bb4 7.Nxc6 dxc6 8.Qxd8+ Kxd8 9.e5 
h6 10.O-O-O+ Ke8 11.Bd2 Ng4 12.Ne4 Bxd2+ 13.Rxd2 
Nxe5 14.Be2 Nd7 15.Nd6+ Ke7 16.Rhd1 Nf6 17.c4 e5 
18.b3 Rd8 19.Nxc8+ Raxc8 20.f3 Rxd2 21.Rxd2 Rd8 
22.Rxd8 Kxd8 23.Kd2 Ke7 24.Bd3 b6 25.Ke3 c5 26.Bc2 
Ne8 27.Ke4 Ke6 28.g3 f5+ 29.Ke3 g5 30.h3 f4+ 
31.Kf2 fxg3+ 32.Kxg3 Ng7 33.Kg4 Kf6 34.Be4 h5+ 
35.Kg3 Nf5+ 36.Kf2 Nd4 37.Ke3 Ne6 38.Bd3 Nf4 
39.Bf1 Kf5 40.a3 a5 41.a4 h4 42.Kf2 e4 43.Ke3 exf3 
44.Kxf3 g4+ 45.hxg4+ Kg5 46.Kf2 Kxg4 47.Kg1 Kg3 
48.Kh1 Kf2 0-1

[Event "HCL-M872"]
[Site "www.playchess.de"]
[Date "2006.01.27"]
[Round "5"]
[White "Hopla"]
[Black "Ezechiel"]
[WhiteElo "1873"]
[BlackElo "1786"]
[PlyCount "76"]
[Result "1/2-1/2"]

1.d4 e6 2.e4 c5 3.d5 exd5 4.exd5 d6 5.Nf3 Bg4 
6.Bb5+ Bd7 7.Qe2+ Qe7 8.Be3 Bxb5 9.Qxb5+ Qd7 
10.Nc3 Na6 11.O-O-O Nf6 12.Rhe1 Be7 13.Qe2 Kf8 
14.h3 Re8 15.g4 Bd8 16.g5 Ne4 17.Nxe4 Rxe4 18.Nd2 
Rh4 19.Nc4 Be7 20.f4 Rxh3 {Doesn't look too good 
for my rook  ...}  21.Kb1 {It's a bit alone, but 
not trapped. (not yet ;-) )}  h6 22.gxh6 R8xh6 
23.f5 R6h4 24.f6 gxf6 25.Bf2 R3h2 26.Nd2 Rg2 
27.Reg1 Rhg4 28.Rxg2 Rxg2 29.Rh1 Qg4 30.Qe3 Ke8 
{Here is the single tempo that I needed to get my 
king out of the h8-corner. Doesn't look to bad now 
...}  31.Re1 {It is not over yet, I hope...}  Qd7 
{I played two similar games in the near past - 
making it to the e-row gave me a draw in both 
cases - with only one pawn ahead. It's not over, 
but the defence now looks ... almost solid.}  
32.Nc4 Kd8 33.Bg3 Nb4 34.Qf3 Rxc2 {Le blockage de 
mon rook (en Fra.?) avec le bishop (en Fra?) était 
une mouvement superb. Je pense que ce sera un 
match serrée jusqu'à la fin ...}  35.Nxd6 {Ich 
muste etwas finden um wieder ein bischen offensive 
zu bekommen nach Ke8. Habe lang gesucht um das 
genaue Order zu finden für Nc4 Bg3 und Qf3. Ich 
glaube das es meine letzte Chance ist... 

(rook = tour = Turm ?, bishop = fou = Laufer ?)}  
Bxd6 36.Qxf6+ Kc8 37.Bxd6 Rxb2+ 38.Kxb2 {(offering 
draw)}  Nd3+ {(offering draw) Je pensais pour 
offrir une remis en jouant Rb2 (je joue *this* se 
déplace seulement pour vous envoyer la réponse). 
Merci pour le match! Il n'y a aucune victoire pour 
l'un ou l'autre dans cette match (BTW.: fou = 
Läufer). A bientot!}  1/2-1/2

[Event "HCL-T255"]
[Site "www.playchess.de"]
[Date "2006.01.27"]
[Round "6"]
[White "stevetilbury"]
[Black "abebebikila"]
[WhiteElo "1545"]
[BlackElo "1724"]
[PlyCount "67"]
[Result "1-0"]

1.e4 e5 2.Nf3 Nc6 3.Bb5 f5 {hi, good luck}  4.d3 
{Hi, Thanks and to you}  fxe4 5.dxe4 Nf6 6.O-O Bc5 
7.Bg5 d6 8.Nc3 O-O 9.Nd5 Kh8 10.Bc4 Bg4 11.c3 Ne7 
12.h3 Bh5 13.Nxe7 Qxe7 14.b4 Bb6 15.Qd3 Qe8 16.Nh4 
h6 17.Be3 Qc6 18.Rae1 Qxe4 19.Qxe4 Nxe4 20.Bxb6 
Nd2 21.Be2 Rf4 {good move, I didn't expected}  
22.Be3 Nxf1 23.Bxf4 Bxe2 24.Rxe2 exf4 25.Kxf1 a5 
26.Ng6+ Kh7 27.Nxf4 axb4 28.cxb4 Ra4 29.Rb2 c5 
30.Nd3 c4 31.Nf4 g5 32.Nd5 Kg6 33.Nb6 c3 
34.Nxa4 1-0

[Event "HCL-B3823"]
[Site "www.playchess.de"]
[Date "2006.01.27"]
[Round "16"]
[White "Bense"]
[Black "dynamike"]
[WhiteElo "1044"]
[BlackElo "1610"]
[PlyCount "78"]
[Result "0-1"]

1.e4 c5 2.d3 Nc6 3.Nf3 e6 4.Be3 Qc7 5.Nc3 a6 6.g3 
Nf6 7.e5 Nxe5 8.Bf4 Nxf3+ 9.Ke2 Nd4+ 10.Ke1 Qc6 
11.Ne4 Nxe4 12.dxe4 Qxe4+ 13.Be3 Qxh1 14.Bxd4 Qe4+ 
15.Be3 d5 16.c3 Be7 17.a3 O-O 18.h4 Rd8 19.Bd3 
Qh1+ 20.Kd2 Qxd1+ 21.Rxd1 e5 22.Ke1 e4 23.Bb1 Bg4 
24.Rd2 b6 25.b3 Bf3 26.c4 d4 27.Bf4 Bd6 28.Bg5 f6 
29.Bf4 b5 30.a4 Rab8 31.Bc2 bxc4 32.bxc4 Rb4 33.a5 
d3 34.Bd1 Rb1 35.Bxd6 Rxd6 36.g4 g6 37.g5 f5 
38.Kf1 Rd4 39.Ke1 Rxc4 0-1

[Event "HCL-C3898"]
[Site "www.playchess.de"]
[Date "2006.01.27"]
[Round "21"]
[White "elfrun"]
[Black "zemljanin"]
[WhiteElo "934"]
[BlackElo "1460"]
[PlyCount "62"]
[Result "0-1"]

1.g4 {hello zemljanin! is it very cold over 
there?}  d5 {yes it is, but you get used to 
it...good clothes and shoes save your life...}  
2.h3 {There's no such thing as bad weather... only 
bad clothing ;o) (as the Norwegians say:) 

How long is your day(light) by now? (or is it 
actually 24hours?)}  e5 {almost 24hours...}  3.Bg2 
{I'm very jealous! here we have sunset now... I 
always go home in the dark these days :o(}  c6 
{don't be jealous, here is very dangerous to be in 
the sun...}  4.d3 {you mean because of sunburn? 
so, what do you do all day long?}  Na6 {no, Imean 
because of ozon hole, the bigest you make(not you 
personaly,but people on planet). I play chess, 
track satelites, temperature changes,biolife, ice 
movements, there is lot you can do...and you,what 
do you do and where in Germany?}  5.Bd2 {cool, a 
satellite tracker! I'm in Rostock, and trying some 
computational biology... Antarctica really doesnt 
have a flag, right?}  Bc5 {yes right, and also no 
government or a parlament.It's an international 
treaty, some conutries clame right on parts of 
antarctica but that is pure nonsence.All stations 
have to share what they do....}  6.Nf3 {so a place 
that truly belongs to the whole world :o) ...only 
you need to dress warm ;o)}  f6 {you could say so 
or the place that doesn't belong to anyone...}  
7.e3 {hmm, I dont know what is better? all of us 
or noone? 
sorry for the long wait this time around. but I'm 
back now. I'm not Magrevis...}  Nh6 {never mind, i 
play 65-75 games always so there is all the time 
some move to be done}  8.d4 {that's a lot of 
games! I just apologised because some players here 
dont like to wait (but then they shouldnt play in 
the turtle tournaments, I suppose :)}  exd4 
{suppose too}  9.exd4 Bd6 10.Qe2+ Kd7 11.O-O g5 
12.c4 {hi zemljanin! how long  are you in (on?) 
Antarctica now?}  dxc4 {just for couple months, 
during the summer and then out of it cause it's 
dangerous...and you, how is in germany?}  13.b3 
{ok. just Novemember-like... 
the other day I went to the cinema for "La marche 
de l'empereur" 
beautiful images!}  cxb3 14.axb3 {you probably see 
pinguins every other day? ;o) 
when you're "out of it" where do you go?}  Nf7 {i 
do not go anywhere, i stay in station almost 
24hours a day, sometimes go and get some fresh 
air.i do not see pinguins so much since they have 
better things to do now then to be around 
station...}  15.Bc3 {better things? like mating 
for example? 
(I didnt mean IN Antarctica, I meant AFTER. was 
citing you with "out of it")}  Nc7 {to 
Europe,somewhere where is hot... :-)}  16.Qd3 Nd5 
17.Ne5+ {hot... then it must be somewhere south! 
here we have a little snow tonight. but not enough 
for skiing. just for a white cover on everything 
(like my bicycle...) Chess!}  fxe5 18.dxe5 Nxc3 
19.exd6 Ne2+ 20.Qxe2 Nxd6 21.Nc3 Kc7 22.Nd5+ cxd5 
23.Rac1+ Kb8 24.Qe5 Re8 25.Qxd5 Be6 26.Qd3 Re7 
27.Qd4 Rd7 28.Qe5 Bxb3 29.f4 gxf4 30.Rxf4 Qb6+ 
31.Kh2 a5 0-1

[Event "HCL-C4052"]
[Site "www.playchess.de"]
[Date "2006.01.27"]
[Round "9"]
[White "DG160776"]
[Black "Kiwi_NZ"]
[WhiteElo "800"]
[BlackElo "800"]
[PlyCount "47"]
[Result "1-0"]

1.e4 {Hi!}  g6 {DG,Good luck,have fun}  2.d4 
{thanks, I hope we will enjoy this...}  Bg7 3.Nf3 
c6 4.Bc4 a5 5.Nc3 b5 6.Bd3 a4 7.Bd2 e6 8.e5 Ne7 
9.Ne4 O-O 10.Qe2 Nd5 11.O-O-O Nb6 12.h4 h5 13.Nfg5 
Ba6 14.Nd6 Nc4 15.Bxc4 bxc4 16.c3 Bb5 17.Qf3 f5 
18.g4 fxg4 19.Qe4 a3 20.b4 Rxf2 21.Qxg6 g3 22.Rhf1 
Ba4 23.Rxf2 Bxd1 24.Qh7+ 1-0

[Event "HCL-B3734"]
[Site "www.playchess.de"]
[Date "2006.01.27"]
[Round "10"]
[White "dc"]
[Black "mrchess"]
[WhiteElo "919"]
[BlackElo "1436"]
[PlyCount "58"]
[Result "0-1"]

1.e4 {:-)}  c5 {good game}  2.c4 Nc6 3.Nf3 d6 
4.Nc3 Nf6 5.d3 g6 6.Bg5 Bg7 7.Qa4 Qb6 8.Qc2 Nd4 
9.Nxd4 cxd4 10.Na4 Qb4+ 11.Nc3 dxc3 12.b3 Nd7 
13.a3 Qb6 14.b4 O-O 15.c5 dxc5 16.Rb1 cxb4 17.Rxb4 
Qc5 18.d4 Qxg5 19.Qxc3 Bh6 20.Rb2 Qc1+ 21.Qxc1 
Bxc1 22.Rc2 Bxa3 23.Bc4 Bb4+ 24.Ke2 a6 25.Rb1 a5 
26.g4 e6 27.e5 Nb6 28.Bb5 Nd5 29.Bc4 
Nc3+ 0-1

[Event "HCL-A2454"]
[Site "www.playchess.de"]
[Date "2006.01.27"]
[Round "16"]
[White "tiit145"]
[Black "seisan"]
[WhiteElo "1554"]
[BlackElo "1424"]
[PlyCount "82"]
[Result "0-1"]

1.Na3 {Hello!Greetings from Estonia 
capitalTallinn}  d5 {Hello from Chennai,India.So 
you play like Taland I will play like Anand.}  
2.Nf3 c5 3.d3 Nc6 4.d4 cxd4 5.Nxd4 e5 6.Nxc6 bxc6 
7.Qd3 Bd6 8.h3 Nf6 9.Bg5 O-O 10.O-O-O a5 11.e4 Ba6 
12.Qd2 Bxf1 13.Rdxf1 dxe4 14.Rfd1 Bxa3 15.Qe3 
Bxb2+ 16.Kxb2 Rb8+ 17.Ka1 Qe7 18.Bxf6 gxf6 19.h4 
Qb4 20.Rdb1 Qd4+ 21.Qxd4 exd4 22.Rhg1 c5 23.c4 f5 
24.Rb2 Kg7 25.Rgb1 Rxb2 26.Rxb2 Kf6 27.Rb5 
{Hello!Happy New Year! Tiit}  d3 {Thank you.Same 
to you.}  28.Rb1 Ke5 29.g3 Kd4 30.Rb7 Rd8 31.Kb2 
Kxc4 32.Kc1 Kc3 33.Rb3+ Kd4 34.Kd2 c4 35.Rb7 c3+ 
36.Kd1 f6 37.Rxh7 Rb8 38.Kc1 d2+ 39.Kc2 Rb2+ 
40.Kd1 Rb1+ 41.Kc2 d1Q+ 0-1

[Event "HCL-C4079"]
[Site "www.playchess.de"]
[Date "2006.01.27"]
[Round "12"]
[White "johnalle"]
[Black "Treebeard"]
[WhiteElo "1210"]
[BlackElo "1239"]
[PlyCount "41"]
[Result "1-0"]

1.d4 {Hello from Minnesota, USA.}  d5 {Helle 
there, Denmark, copenhagen calling.}  2.c4 
{Copenhagen - sounds exciting}  e6 {It's a nice 
city to live in - except for the weather. :)}  
3.cxd5 {Well here in Grand Forks, North Dakota - 
East GF Minnesota the winters are 6 months long.}  
exd5 {ok, you win :) Must be beautiful though. 
There's no snow in Copenhagen (except for some 
black leftovers)}  4.Nf3 {Yes, the countryside is 
white and the field and woods are largely 
untouched by humans, except for snowmobiles}  Nf6 
{Sounds wonderfull here it's just cold - no snow. 
But then I'm in a capital city, shouldn't expect 
snow and landscapes AND tons of shops/cinemas/... 
:) Would be nice with *some* snow though.}  5.Nc3 
{I love some big cities but I enjoy being in the 
countryside even more.}  Bb4 {Did you grow up in 
the countryside or in city? I've lived in the city 
all my life.}  6.a3 {I grew up in south-central 
North Dakota, Linton, pop 2000 at the edge of 
town, creek close by, hills to the west - used to 
hike and sled down the hills in winter.}  Bxc3+ {I 
grew up in Copenhagen, Denmark (pop 1.5M+). I 
prefer cities - seems we are both "victims" of our 
up-bringing :) Whenever I try to go on vacation 
outside a major city ... I get restless within 3 
days. Have no clue why.}  7.bxc3 {You may not be 
getting the required dose of familiarity nor the 
magnitude of stimulation to which you are 
accustomed.I prefer living in a small city close 
to the wilds of the countryside, rather than in 
the country.}  O-O {Correct. Living in a small 
town sounds nice. For me I live 5 minutes (on 
tube) from the center. And I'm dependent on the 
facilities in there. Can't see myself moving away 
from the city. Miss having the countryside close 
by though. Can't get all :)}  8.e3 {True enough - 
we've had a mild winter so far - 20's and 30's 
Fahrenheit much of the time.}  Nbd7 {30-40 
fahrenheit here, which is very mild for the 
season.}  9.Bd3 Ne4 10.Bb2 Ndf6 11.Ne5 c6 12.f3 
Ng5 13.O-O Re8 14.Bc1 Nd7 15.f4 Ne4 16.Qh5 Nxe5 
17.fxe5 Be6 18.Rf4 Nxc3 19.Qxh7+ Kf8 20.a4 Qa5 
{you are killing me here ... too strong. Can I 
order a mistake, please? :-)}  21.Ba3+ {still a 
little tricky going for me too.} 
 1-0

[Event "HCL-B3836"]
[Site "www.playchess.de"]
[Date "2006.01.27"]
[Round "15"]
[White "IRONMAIDEN"]
[Black "riziotis"]
[WhiteElo "1293"]
[BlackElo "1307"]
[PlyCount "58"]
[Result "0-1"]

1.e4 e5 2.d3 Nc6 3.Nf3 Nf6 4.Be2 Bc5 5.O-O O-O 
6.a3 Nd4 7.Nxd4 Bxd4 8.c3 Bc5 9.Bg5 d5 10.exd5 Be7 
11.Bxf6 Bxf6 12.Bf3 Re8 13.Be4 Bd7 14.f4 exf4 
15.Rxf4 c6 16.dxc6 Bxc6 17.Bxc6 Qb6+ 18.d4 Qxc6 
19.Nd2 Re7 20.Qf3 Qb6 21.b4 Rc8 22.Kh1 Rce8 23.g3 
Bg5 24.Rg4 Bxd2 25.Rd1 Bxc3 26.Qxc3 R7e3 27.Qc5 
Qe6 28.Rf4 Qh3 29.Qc1 R3e2 0-1

[Event "HCL-C3982"]
[Site "www.playchess.de"]
[Date "2006.01.27"]
[Round "18"]
[White "moggo"]
[Black "Milosforman"]
[WhiteElo "924"]
[BlackElo "1027"]
[PlyCount "42"]
[Result "0-1"]

1.d4 d5 2.e3 Nc6 3.a4 h5 4.b3 Bg4 5.Qd3 Nf6 6.Nf3 
Bxf3 7.gxf3 e6 8.Nc3 Bb4 9.Bd2 O-O 10.Rg1 Bxc3 
11.Bxc3 Re8 12.e4 dxe4 13.fxe4 Ng4 14.d5 exd5 
15.h3 d4 16.hxg4 hxg4 17.Bd2 Ne5 18.Qb5 b6 19.Bf4 
a6 20.Qd5 Qxd5 21.exd5 Nf3+ 0-1

[Event "HCL-T261"]
[Site "www.playchess.de"]
[Date "2006.01.27"]
[Round "3"]
[White "stevetilbury"]
[Black "Ezechiel"]
[WhiteElo "1608"]
[BlackElo "1765"]
[PlyCount "35"]
[Result "1/2-1/2"]

1.e4 c5 2.Nf3 d6 3.d4 cxd4 4.Nxd4 Nf6 5.Nc3 g6 
6.f4 Bd7 7.Be2 Bg7 8.Be3 O-O 9.O-O Nc6 10.Bf3 Nxd4 
11.Bxd4 Bc6 12.Qd2 e5 13.Be3 exf4 14.Bxf4 Re8 
15.Qxd6 Qxd6 16.Bxd6 Nxe4 {This is a raging battle 
...}  17.Nxe4 {Yes - quite complex}  Bxe4 18.c3 
{(offering draw)}  1/2-1/2

[Event "HCL-C4102"]
[Site "www.playchess.de"]
[Date "2006.01.27"]
[Round "2"]
[White "nichju"]
[Black "chimiel"]
[WhiteElo "1056"]
[BlackElo "1100"]
[PlyCount "102"]
[Result "0-1"]

1.e4 {Hello and good luck}  d6 2.d4 Nf6 3.Nc3 Nbd7 
4.Nf3 e5 5.d5 Nc5 6.Bc4 Be7 7.Bg5 O-O 8.O-O Nfxe4 
9.Nxe4 Nxe4 10.Bxe7 Qxe7 11.Qd3 f5 12.Qe2 a6 13.a4 
Bd7 14.b3 Qf6 15.Bd3 Nc3 16.Qd2 e4 17.Bc4 exf3 
18.Rfe1 fxg2 19.b4 f4 20.f3 b6 21.Ra3 Nxa4 22.Re2 
b5 23.Bd3 Qd4+ 24.Kxg2 Qxd5 25.Be4 Qxd2 26.Rxd2 
Rae8 27.Bd5+ Kh8 28.c4 Nb6 29.cxb5 Bxb5 30.Rc3 
Re2+ 31.Rxe2 Bxe2 32.Be4 h6 33.Rxc7 Rc8 34.Rb7 Nc4 
35.Bf5 Ne3+ 36.Kf2 Nxf5 37.Kxe2 d5 38.Rb6 Rc4 
39.Rb8+ Kh7 40.b5 axb5 41.Rxb5 Nd4+ 42.Kd3 Nxb5 
43.h4 Rc3+ 44.Kd2 d4 45.h5 d3 46.Kd1 Rc2 47.Ke1 
Nc3 48.Kf1 d2 49.Kg2 d1Q+ 50.Kh3 Qxf3+ 51.Kh4 
Qg3+ 0-1

[Event "HCL-C4035"]
[Site "www.playchess.de"]
[Date "2006.01.27"]
[Round "11"]
[White "garden"]
[Black "donsimon"]
[WhiteElo "1034"]
[BlackElo "1037"]
[PlyCount "156"]
[Result "0-1"]

1.e4 e5 2.Nf3 Nc6 3.Bb5 Qf6 4.Be2 Qg6 5.g3 Qxe4 
6.d3 Bb4+ 7.Bd2 Qd5 8.c3 Bd6 9.Qb3 Qxb3 10.axb3 
Nf6 11.O-O e4 12.Ng5 exd3 13.Bxd3 Ne5 14.Bc4 h6 
15.Nh3 Ne4 16.Bf4 Nf3+ 17.Kg2 Ne5 18.Bd5 Nf6 
19.Nd2 Nxd5 20.Bxe5 Bxe5 21.Rae1 d6 22.f4 f6 23.c4 
Nxf4+ 24.Nxf4 b6 25.Nf3 Bb7 26.Ne6 Kd7 27.Nxg7 
Bxb2 28.Nf5 Rhe8 29.Nxh6 Bc3 30.Rec1 Bd2 31.Rc2 
Bxh6 32.h4 a5 33.Kh3 Re3 34.Nd4 Rf8 35.Nf5 Bg7 
36.Nxe3 Be4 37.Rcf2 Re8 38.Nf5 Bd3 39.Rc1 Bh8 
40.Nh6 Re3 41.Ng4 Re6 42.Rc3 Be4 43.Re3 f5 44.Nh2 
Bd4 45.Rxe4 Bxf2 46.Rf4 Bc5 47.Nf1 Rf6 48.g4 fxg4+ 
49.Kxg4 Rg6+ 50.Kh5 Rg2 51.Rf7+ Ke6 52.Rxc7 Rb2 
53.Kg6 Rxb3 54.Nd2 Rb2 55.Ne4 Bd4 56.Ng5+ Ke5 
57.Re7+ Kf4 58.Re4+ Kg3 59.Rxd4 a4 60.Kh5 Rb3 
61.Rxd6 a3 62.Ne4+ Kf4 63.Nd2 Rb2 64.Rd3 a2 
65.Rf3+ Ke5 66.Re3+ Kd4 67.Re1 Rxd2 68.Kg5 Rb2 
69.Ra1 Kxc4 70.h5 Kb3 71.Rh1 Rg2+ 72.Kf6 Kb2 73.h6 
a1Q 74.Rxa1 Kxa1 75.h7 Rf2+ 76.Kg7 Rh2 77.h8Q Rxh8 
78.Kxh8 b5 0-1

[Event "HCL-A2479"]
[Site "www.playchess.de"]
[Date "2006.01.27"]
[Round "7"]
[White "learche"]
[Black "AidyT"]
[WhiteElo "1405"]
[BlackElo "1345"]
[PlyCount "101"]
[Result "1-0"]

1.d4 Nf6 {Hi from Scotland and good luck.}  2.c4 
{Thanks, same to you.}  g6 3.Nc3 Bg7 4.Nf3 d6 
5.Bf4 O-O 6.e3 Nbd7 7.Qd2 Re8 8.O-O-O c5 9.Bd3 b6 
10.d5 Bb7 11.e4 e6 12.Bh6 exd5 13.cxd5 Ne5 14.Nxe5 
dxe5 15.Bxg7 Kxg7 16.f3 Qd7 17.Bb5 Qe7 18.Bxe8 
Qxe8 19.h4 h5 20.Qg5 Nh7 21.Qd2 b5 22.g4 Nf6 
23.gxh5 Nxh5 24.Rdg1 Bc8 25.Qg5 Kh7 26.Ne2 Qf8 
27.Qxe5 f6 28.Qc7+ Qg7 29.Qxg7+ Kxg7 30.Rh2 Bd7 
31.Rhg2 Be8 32.f4 Kh6 33.e5 fxe5 34.fxe5 Rd8 35.d6 
c4 36.Rd1 Bf7 37.d7 Be6 38.Rd6 Rxd7 39.Rxe6 Rg7 
40.Rg5 Rg8 41.Ng3 Nf4 42.Nf5+ Kh7 43.Re7+ Kh8 
44.Nh6 Rf8 45.Nf7+ Kg8 46.e6 Nd3+ 47.Kb1 Nf4 
48.Ne5 b4 49.Nxg6 Nxg6 50.Rxg6+ Kh8 
51.Rf7 1-0

[Event "HCL-M813"]
[Site "www.playchess.de"]
[Date "2006.01.27"]
[Round "18"]
[White "spidey"]
[Black "BDG_Girl"]
[WhiteElo "1867"]
[BlackElo "1974"]
[PlyCount "86"]
[Result "0-1"]

1.e4 {hi!  so we meet again.  Good luck}  d5 
{Looking forward to another interesting game!}  
2.exd5 Qxd5 3.Nc3 Qa5 4.d4 Nf6 5.Nf3 c6 6.Bc4 Bf5 
7.Ne5 e6 8.O-O Nbd7 9.Nxd7 Nxd7 10.Bf4 Qb6 11.Bb3 
O-O-O 12.Qf3 Qxd4 13.Rad1 Qf6 14.Qg3 h6 15.Rfe1 
Bc5 16.Na4 Bb4 17.c3 Be7 18.Bc7 Rde8 19.Rxd7 Kxd7 
20.Rd1+ Kc8 21.Bb6 e5 22.Bxa7 Bd8 23.Nb6+ Bxb6 
24.Bxb6 Qg6 25.Qe3 Bc2 26.Re1 Bxb3 27.axb3 Qc2 
28.b4 Kb8 29.Qc5 Qd2 30.Ra1 Qd5 31.Qe3 f5 32.Qc1 
Qb5 33.Bc5 Qe2 34.Bd6+ Kc8 35.c4 Kd7 36.c5 Rea8 
{Merry Christmas and may God Bless you and your 
family!}  37.h3 {Thanks for the blessing.  Merry 
Christmas to you and your family!}  Rxa1 38.Qxa1 
Ke6 39.Qa2+ Kf6 40.Qa3 Qe1+ 41.Kh2 Qxf2 42.Qa7 
Qf4+ 43.Kg1 Qxb4 0-1

[Event "HCL-C3952"]
[Site "www.playchess.de"]
[Date "2006.01.27"]
[Round "21"]
[White "alauddin"]
[Black "foxcar"]
[WhiteElo "937"]
[BlackElo "1096"]
[PlyCount "146"]
[Result "0-1"]

1.e4 {Hello!}  e5 {hi, have a good game}  2.Nf3 
{thanx , you too.}  Nc6 3.a3 Bc5 4.Nc3 d6 5.h3 h6 
6.Bc4 Be6 7.Qe2 a6 8.Bxe6 fxe6 9.d3 Qf6 10.Bd2 
O-O-O 11.g4 Nge7 12.g5 hxg5 13.Nxg5 Rdf8 14.O-O-O 
Nd4 15.Qg4 g6 16.h4 b5 17.a4 b4 18.Na2 b3 19.cxb3 
Nxb3+ 20.Kb1 Nd4 21.Bc3 Kb7 22.Nb4 Qf4 23.Rdg1 
Qxg4 24.Rxg4 Rxf2 25.Nh3 Rf3 26.Na2 Rxd3 27.b4 Ne2 
28.Kc2 Re3 29.bxc5 d5 30.Bxe5 Rf8 31.Re1 d4 32.Nf4 
d3+ 33.Kd2 Rxe4 34.Rb1+ Kc8 35.Nxe6 Rxg4 36.Nxf8 
Nc6 37.Bc3 Rg2 38.Ke3 Nxc3 39.Nxc3 Ne5 40.Rd1 Kd8 
41.Nd5 c6 42.Ne6+ Kd7 43.Nec7 cxd5 44.Nxd5 Kc6 
45.Ke4 Re2+ 46.Kd4 a5 47.Nf4 Nf3+ 48.Kxd3 Ra2 
49.Ke3 Nxh4 50.Rc1 Ra3+ 51.Nd3 Rxa4 52.Kd2 Nf3+ 
53.Ke3 Ra3 54.Rf1 Ne5 55.Rf6+ Kc7 56.Rd6 Nc4+ 
57.Kd4 Nxd6 58.cxd6+ Kxd6 59.Nf2 Ke6 60.Ke4 Ra4+ 
61.Kf3 Kf5 62.Kg3 Rf4 63.Nh3 Rg4+ 64.Kh2 a4 65.Nf2 
a3 66.Nxg4 Kxg4 67.Kg2 a2 68.Kf2 a1Q 69.Ke2 Qd4 
70.Ke1 Kg3 71.Ke2 g5 72.Ke1 Kf3 73.Kf1 Qf2+ 
{thanks for the game.}  0-1

[Event "HCL-B3820"]
[Site "www.playchess.de"]
[Date "2006.01.27"]
[Round "18"]
[White "Skipper_Robert"]
[Black "GMO"]
[WhiteElo "973"]
[BlackElo "1337"]
[PlyCount "140"]
[Result "0-1"]

1.d4 {hello from Berlin}  d5 {hello from Juiz e 
Fora}  2.Nc3 e6 3.e3 Nf6 4.Bd3 Nc6 5.a3 Bd7 6.h3 
Be7 7.Nf3 O-O 8.Qe2 a6 9.Bd2 h6 10.O-O-O b5 11.g4 
Na5 12.e4 dxe4 13.Bxe4 Bc6 14.Ne5 Bxe4 15.Qe3 Bxh1 
16.Rxh1 Nc6 17.Nxc6 Nd5 18.Nxd5 exd5 19.Nxd8 Bxd8 
20.Qe5 c6 21.Re1 Bf6 22.Qf4 Rac8 23.Bb4 Bg5 
24.Qxg5 hxg5 25.Bxf8 Kxf8 26.Rh1 Re8 27.Rf1 Re4 
28.c3 g6 29.f3 Re2 30.f4 gxf4 31.Rxf4 Ke7 32.g5 
Re3 33.h4 Re4 34.Rf6 Re6 35.Rf3 f6 36.b3 f5 37.h5 
Kf7 38.h6 Re1+ 39.Kd2 Rg1 40.Rh3 Kg8 41.h7+ Kh8 
42.Rh6 Rxg5 43.Kd3 Rg3+ 44.Kd2 f4 45.Rh2 f3 46.Ke1 
f2+ 47.Kxf2 Rxc3 48.Rh6 Rxb3 49.Rxg6 Kxh7 50.Rxc6 
Rxa3 51.Rc5 b4 52.Rxd5 Ra2+ 53.Ke3 a5 54.Rb5 a4 
55.Rxb4 a3 56.Ra4 Ra1 57.d5 a2 58.d6 Re1+ 59.Kf2 
a1Q 60.Rxa1 Rxa1 61.d7 Rd1 62.d8N Rxd8 63.Kg2 Rf8 
64.Kh1 Rg8 65.Kh2 Rg5 66.Kh3 Kg6 67.Kh4 Kf5 68.Kh3 
Rg7 69.Kh4 Rg8 70.Kh5 Rh8+ 0-1

[Event "HCL-B3785"]
[Site "www.playchess.de"]
[Date "2006.01.27"]
[Round "21"]
[White "mrchess"]
[Black "GMO"]
[WhiteElo "1440"]
[BlackElo "1304"]
[PlyCount "113"]
[Result "1-0"]

1.d4 {good luck}  d5 {Que venca o melhor!}  2.e3 
e6 3.Bd3 Bd6 4.f4 Nc6 5.c3 a6 6.Nf3 h6 7.Ne5 Bxe5 
8.fxe5 Nge7 9.O-O Nf5 10.Qf3 Qe7 11.Qg4 Qf8 12.e4 
dxe4 13.Bxe4 Bd7 14.Na3 O-O-O 15.Qe2 Qe7 16.Qg4 h5 
17.Qg5 Qxg5 18.Bxg5 Rde8 19.Nc4 g6 20.Bxf5 exf5 
21.Rf4 Ne7 22.Ne3 Bc6 23.Bf6 Rhg8 24.Bxe7 Rxe7 
25.Re1 Be4 26.Rf2 Kd7 27.Nc4 Bd5 28.b3 Bxc4 
29.bxc4 Kc6 30.Rb1 b5 31.cxb5+ axb5 32.Rfb2 Ra8 
33.Kf2 Kd7 34.Ke3 c6 35.Kf4 Ke8 36.Kg5 Re6 37.Rc1 
Kf8 38.c4 bxc4 39.Rxc4 Rc8 40.a4 Ra8 41.Ra2 Rb8 
42.a5 Ke8 43.a6 Kd8 44.a7 Ra8 45.Rb4 Kc7 46.g3 c5 
47.Rc4 Kb7 48.Rxc5 Rxa7 49.Rxa7+ Kxa7 50.Rc7+ Kb6 
51.Rxf7 Kc6 52.Rf6 Kd7 53.Kxg6 Ke7 54.Rxe6+ Kxe6 
55.Kxh5 Kd5 56.Kg5 Ke6 57.h4 1-0